000 00451nam a2200181Ia 4500
001 23852
005 20260414151005.0
008 260414t2018||||xx |||||||||||||| ||spa||
041 _aESP
082 _a720.1
_bH71
100 _aHoll, Steven
_eAUT
245 0 _aCuestiones de percepción :
_bfenomenología de la arquitectura
260 _c2018
300 _a69 páginas :
_c18 cm.
650 _aABD
654 _aCAU
942 _cLIB
_dJUS
_fJUS
_2ddc
_n
999 _c23852
_d23852